000 00617cam a22002531 4500
001 sa 67000072
003 DLC
005 20260227112311.0
008 940922s1965 ii 000 0 telo
010 _asa 67000072
025 _aPL480:I-Te-1177
035 _a(OCoLC)31160532
040 _aDLC
_cCU
_dCU
_dDLC
042 _apremarc
050 0 0 _aPL4780.9.V4975
_bO43 1965
100 0 _aViswam,
_d1915-
245 1 0 _aOkanāḍu.
250 _a[1st ed.
260 _c1965]
300 _axvi, 84 p.
_c19 cm.
500 _aIn Telugu.
500 _aA poem.
600 1 0 _aHampanna, Coollapaliem,
_d-1893
_vPoetry.
999 _c71739
_d71739